00386nam a2200097Ia 4500008004100000040002900041050002600070100002700096245014200123260002300265230222s9999||||xx |||||||||||||| ||und|| cChuka University Library aTHE LB 2822bK58 2014 aKithinji,Deborah Gaiti 0aSocio-cultural and economic practices contributing to pupils poor academic achievement in primary school in Meru Central sub county,Kenya achukabChukac2014